XXIII Festival Internacional de Cine en Guadalajara, México : 7 al 14 de marzo de 2008 = XIII Guadalajara Film Festival /

Guardat en:
Dades bibliogràfiques
Autor corporatiu: Festival Internacional de Cine en Guadalajara ( Guadalajara, México)
Format: Actes de congresos Llibre
Idioma:espanyol
Publicat: Guadalajara, México : Festival Internacional de Cine en Guadalajara, 2008
Matèries:
Etiquetes: Afegir etiqueta
Sense etiquetes, Sigues el primer a etiquetar aquest registre!

MARC

LEADER 00000nam^a2200000^a^4500
001 000277955
005 20260226153829.0
009 20260310111350.817
025 |a Donación Muestra de Cine Mexicano en Guadalajara, 1 ejemplar 
037 |a Acervo ITESO - Biblioteca 
041 |a ESP 
082 |a 302. 23550972352  |b FICG 2008 
111 |a Festival Internacional de Cine en Guadalajara (  |n 23° :  |d 2008 :  |c Guadalajara, México) 
240 1 1 |a [FICG] 
240 1 1 |a [FICG: catálogos] 
240 1 1 |a [FICG 23] 
240 1 1 |a [Festival Internacional de Cine en Guadalajara] 
240 1 1 |a [Festival Internacional de Cine en Guadalajara: catálogos] 
240 1 1 |a [Festival Internacional de Cine en Guadalajara 2008] 
245 1 0 |a XXIII Festival Internacional de Cine en Guadalajara, México :  |b 7 al 14 de marzo de 2008 = XIII Guadalajara Film Festival / 
264 1 |a Guadalajara, México :  |b Festival Internacional de Cine en Guadalajara,  |c 2008 
300 |a 355 p. 
336 |a texto  |b txt  |2 rdacontenido 
337 |a sin mediación  |b n  |2 rdamedio 
338 |a volumen  |b nc  |2 rdasoporte 
546 |a Edición bilingüe español-inglés 
585 |a Festival Internacional de Cine en Guadalajara (23°: 2008) 
586 |a Premio Nacional de Ciencias y Artes, categoría Bellas Artes (71°: 2020), reconocimiento especial: Biografías, crítica e interpretación 
649 |a XX 
650 |a Cineastas Argentinos -  |x Homenajes 
650 |a Productores (Medios de Comunicación) -  |z Argentina -  |x Homenajes 
650 |a Productores (Medios de Comunicación) -  |z México -  |x Homenajes 
650 |a Actores Mexicanos -  |x Homenajes 
650 |a Migración en el Cine -  |x Ciclos y Retrospectivas 
650 |a Música en el Cine -  |x Ciclos y Retrospectivas 
650 |a Documentales -  |x Ciclos y Retrospectivas 
650 |a Películas Infantiles -  |x Ciclos y Retrospectivas 
650 |a Cine Mexicano -  |x Festivales -  |x Catálogos -  |x Tema Principal 
650 |a Cine Mexicano -  |x Ciclos y Retrospectivas 
650 |a Cine Mexicano -  |x Historia y Crítica 
650 |a Cine Mexicano -  |y 2000-2009 
650 |a Cine Mexicano -  |y Siglo XX 
650 |a Cine Mexicano -  |y Siglo XXI 
650 |a Cine Argentino -  |x Ciclos y Retrospectivas 
650 |a Cine Español -  |x Ciclos y Retrospectivas 
650 |a Cine Iberoamericano -  |x Festivales -  |x Catálogos -  |x Tema Principal 
650 |a Cine Iberoamericano -  |x Historia y Crítica 
650 |a Cine Iberoamericano -  |y 2000-2009 
650 |a Cine Iberoamericano -  |y Siglo XXI 
650 |a Cine Africano -  |x Ciclos y Retrospectivas 
650 |a Cine Quebequense -  |x Ciclos y Retrospectivas 
650 |a Cine Canadiense -  |x Ciclos y Retrospectivas 
650 |a Cine -  |z Guadalajara, Jalisco -  |x Festivales -  |x Catálogos -  |x Tema Principal 
650 |a Cine -  |z México -  |x Festivales -  |x Catálogos 
650 |a Cine -  |x Festivales -  |x Catálogos 
650 |a Birri, Fernando 
650 |a Navarro, Bertha 
650 |a Sarli, Isabel 
650 |a Solanas, Fernando 
650 |a Stantic, Lita 
600 |a Valdés, Germán 
910 |a Fondo General 
920 |a Impresos - Libros 
930 |a Obras de Referencia 
905 |a 102 
901 |a 0500163641  |b IT2  |c REF  |i D  |u 20260225 
902 |a https://opac.biblio.iteso.mx/vufind/Record/000277955